When a robot is social: Spatial arrangement and multimodal semiotic engagement in the practice of social robotics (Record no. 94533)

000 -LEADER
fixed length control field 00515pab a2200181 454500
008 - FIXED-LENGTH DATA ELEMENTS--GENERAL INFORMATION
fixed length control field 180718b2011 xxu||||| |||| 00| 0 eng d
100 ## - MAIN ENTRY--PERSONAL NAME
Personal name Alac, Morana
245 ## - TITLE STATEMENT
Title When a robot is social: Spatial arrangement and multimodal semiotic engagement in the practice of social robotics
260 ## - PUBLICATION, DISTRIBUTION, ETC.
Date of publication, distribution, etc. 2011
300 ## - PHYSICAL DESCRIPTION
Extent p.893-926.
362 ## - DATES OF PUBLICATION AND/OR SEQUENTIAL DESIGNATION
Dates of publication and/or sequential designation Dec
650 ## - SUBJECT ADDED ENTRY--TOPICAL TERM
Topical term or geographic name entry element Social robotics
700 ## - ADDED ENTRY--PERSONAL NAME
Personal name Tanaka, Fumihide
700 ## - ADDED ENTRY--PERSONAL NAME
Personal name Movellan, Javier
773 ## - HOST ITEM ENTRY
Main entry heading Social Studies of Sciences
908 ## - PUT COMMAND PARAMETER (RLIN)
Put command parameter N
909 ## -
-- 94533
Holdings
Withdrawn status Lost status Damaged status Not for loan Permanent Location Current Location Date acquired Serial Enumeration / chronology Barcode Date last seen Price effective from Koha item type
        Indian Institute of Public Administration Indian Institute of Public Administration 2018-07-19 Volume no: 41, Issue no: 6 AR94993 2018-07-19 2018-07-19 Articles

Powered by Koha